Pulse of the springs (Record no. 4641)

MARC details
000 -LEADER
fixed length control field 00408nam a22001577a 4500
008 - FIXED-LENGTH DATA ELEMENTS--GENERAL INFORMATION
fixed length control field 260415b |||||||| |||| 00| 0 eng d
020 ## - INTERNATIONAL STANDARD BOOK NUMBER
ISBN 9789875963861
100 ## - MAIN ENTRY--AUTHOR
Author Ademinju-Bepo, Diran
245 ## - TITLE STATEMENT
Title Pulse of the springs
260 ## - PUBLICATION, DISTRIBUTION, ETC. (IMPRINT)
Place of publication JOS
Name of publisher JOS UNIVERSITY PRESS
Date of publication 2022
300 ## - COLLATION
Pagination V, 86p.
650 ## - TRACINGS
Main Subject DRAMA- FESTIVAL
Subdivision (1st) AFRICAN DRAMA
942 ## - ADDED ENTRY ELEMENTS (KOHA)
Item type Books
050 ## - LIBRARY OF CONGRESS CALL NUMBER
Classification number PR9387.9
Item number .A34
Holdings
Source of classification or shelving scheme Not for loan Permanent location Current location Date acquired Accession No. Full call number Barcode. Copy number Koha item type
Library of Congress Classification   Samuel Ogbemudia Main Library, University of Abuja Samuel Ogbemudia Main Library, University of Abuja 04/15/2026 2025/64751-56 & 2026/72590-98 PR9387.9 .A34 2026-0131 15 Books